| 000 | 00920nam a22003257a 4500 | ||
|---|---|---|---|
| 001 | BR2016003971 | ||
| 003 | BR-BrBNA | ||
| 005 | 20230928104957.0 | ||
| 007 | ta | ||
| 008 | 230509b bl.||||| |||| 00| 0 por d | ||
| 040 |
_aBR-BrBNA _bpor _cBiblioteca Nacional de Agricultura |
||
| 041 | _a(Por) | ||
| 072 |
_aL40; L53 _b5212 _b3580 |
||
| 090 | _ 5212 BR2016003971 | ||
| 100 | 1 | _aMartins, C.F. (ed.) | |
| 100 | 1 | _aDode, M.AN. (ed.) | |
| 100 | 1 | _aSilva, A.E.D.F. (ed.) | |
| 110 | 1 | _aEmpresa Brasileira de Pesquisa Agropecuária, Brasília, DF (Brasil) | |
| 245 | 1 | _aAtlas de morfologia espermática bovina | |
| 250 | 1 | _a1. ed. | |
| 260 | 3 |
_aBrasília, DF (Brasil): _c2016. |
|
| 300 | _a100 p. | ||
| 500 | _a23 ref.; 121 illus.; 2 tables | ||
| 650 | _aESPERMATOZÓIDE | ||
| 650 | _aESPERMA | ||
| 650 | _aMORFOLOGIA ANIMAL | ||
| 650 | _aBOVINO | ||
| 909 |
_a202309 _bLucia _c55 _dLucia Elande |
||
| 942 | _cBK | ||
| 999 |
_c82746 _d82746 |
||